Science Quiz

Random Science or Biology Quiz

Non-Mammals Starting with K-L Quiz Stats

 Plays Quiz not verified by Sporcle

Score 0/10 Timer 08:00
1 Play Today
% Correct
Ladybug
97.5%
Lobster
95.6%
Komodo Dragon
85.6%
Kiwi
85%
Kingfisher
74.4%
Lionfish
71.9%
Krill
67.5%
Lamprey
58.8%
Koi
56.9%
Loon
53.1%

You're not logged in!

Compare scores with friends on all Sporcle quizzes.
OR
Log In

Show Comments

Extras

Top Quizzes Today


Score Distribution

Your Account Isn't Verified!

In order to create a playlist on Sporcle, you need to verify the email address you used during registration. Go to your Sporcle Settings to finish the process.

Report this User

Report this user for behavior that violates our Community Guidelines.

Details: